The Cambridge History of Islam, Volume-1 / (Record no. 20341)

MARC details
000 -LEADER
fixed length control field 00659nam a22002177a 4500
003 - CONTROL NUMBER IDENTIFIER
control field BDDh-ASL
005 - DATE AND TIME OF LATEST TRANSACTION
control field 20231015025857.0
008 - FIXED-LENGTH DATA ELEMENTS--GENERAL INFORMATION
fixed length control field 201229s1970 e ||||| |||| 00| 0 eng d
040 ## - CATALOGING SOURCE
Transcribing agency BDDh-ASL
082 ## - DEWEY DECIMAL CLASSIFICATION NUMBER
Classification number 297.09
Item number CAM
245 04 - TITLE STATEMENT
Title The Cambridge History of Islam, Volume-1 /
260 ## - PUBLICATION, DISTRIBUTION, ETC.
Place of publication, distribution, etc. London:
Name of publisher, distributor, etc. Cambridge University Press,
Date of publication, distribution, etc. 1970.
300 ## - PHYSICAL DESCRIPTION
Extent 815. p.:
Dimensions 24 cm.
504 ## - BIBLIOGRAPHY, ETC. NOTE
Bibliography, etc. note Include Bibliographical References and Index
650 #0 - SUBJECT ADDED ENTRY--TOPICAL TERM
9 (RLIN) 1652
Topical term or geographic name entry element Islam
650 #0 - SUBJECT ADDED ENTRY--TOPICAL TERM
9 (RLIN) 1349
Topical term or geographic name entry element History
700 1# - ADDED ENTRY--PERSONAL NAME
9 (RLIN) 2652
Personal name Holt, P. M.
Titles and other words associated with a name Professor
700 1# - ADDED ENTRY--PERSONAL NAME
9 (RLIN) 2653
Personal name Lambton, Ann K. S.
Titles and other words associated with a name Professor
700 1# - ADDED ENTRY--PERSONAL NAME
9 (RLIN) 2654
Personal name Lewis, Bernard
Titles and other words associated with a name Professor
942 ## - ADDED ENTRY ELEMENTS (KOHA)
Source of classification or shelving scheme Dewey Decimal Classification
Koha item type Books
Holdings
Withdrawn status Lost status Source of classification or shelving scheme Damaged status Not for loan Collection code Home library Current library Shelving location Date acquired Source of acquisition Serial Enumeration / chronology Total Checkouts Full call number Barcode Date last seen Copy number Price effective from Koha item type
    Dewey Decimal Classification     Non-fiction Asiatic Society Library Asiatic Society Library General Stacks 12/29/2020 ASB Collection V-1   297.09 CAM 103766 12/29/2020 C-1 12/29/2020 Books

Powered by Koha